000 00651nam a2200169 a 4500
001 000038179
005 20201002031204.0
008 130320s1990 dr 000 0 spa d
040 _aDO-SdBNP
_bspa
_cBNPHU
111 1 _aSeminario sobre legislación educativa, antecedentes, realidad y perpectivas
_d(1990 : diciembre. 13
_cSanto Domingo )
_964549
245 0 0 _aReflexiones en torno a la legislación educativa dominicana.
260 _aSanto Domingo :
_bPlan Decenal de Educación,
_c1990.
300 _a94 p. ;
_c23 cm.
490 1 _aRefleciones en eventos
500 _aIncluye notas al pie de las páginas
830 0 _aRefleciones en eventos
_964550
999 _c37669
_d37669